| 000 | 00454nam a22001457a 4500 | ||
|---|---|---|---|
| 082 |
_a297.122521 _bQUR _cL-31, P-131 |
||
| 100 |
_aMohammed marmaduke pickhall _947124 |
||
| 245 |
_aالقرآن الکریم _cMohammed marmaduke pickhall |
||
| 260 |
_aMadinah _bking Fahd complex |
||
| 300 |
_avi, 956 p. _btext _c26 cm |
||
| 526 |
_a0 _b0 _c0 _d297_122521000000000_QUR |
||
| 526 |
_a0 _b0 _c0 _d297_122521000000000_QUR |
||
| 650 |
_aMCE _9379 |
||
| 942 |
_2ddc _cBK |
||
| 999 |
_c550417 _d550417 |
||